[Event "FISU World University"]
[Site "Tornelo INT"]
[Date "2020.10.27"]
[Round "5.15"]
[White "Marin Leon, Valeria"]
[Black "Azman Hisham, Nur Nabila"]
[Result "0-1"]
[WhiteElo "1678"]
[BlackElo "1936"]
[PlyCount "122"]
[EventDate "2020.10.26"]
[EventType "team-swiss (rapid)"]
[EventRounds "9"]
[EventCountry "NET"]
[SourceTitle "CBM 199 Extra"]
[Source "ChessBase"]
[SourceDate "2021.01.31"]
[SourceVersion "1"]
[SourceVersionDate "2021.01.31"]
[SourceQuality "1"]
[WhiteTeam "Costa Rica"]
[BlackTeam "Malaysia II"]
[WhiteTeamCountry "CRI"]
[BlackTeamCountry "MAS"]

1. e4 c5 2. f4 d5 3. Nf3 dxe4 4. Ng5 Nf6 5. Bc4 e6 6. Qe2 Nc6 7. Nxe4 Be7 8. c3 0-0 9. 0-0 Na5 10. Bb3 Nxb3 11. axb3 Qb6 12. Kh1 Nxe4 13. Qxe4 Qxb3 14. d3 Bd7 15. Nd2 Qd5 16. Nf3 Qxe4 17. dxe4 Bb5 18. Re1 Rfd8 19. Be3 b6 20. h3 Bc6 21. Bf2 f6 22. Kh2 Rd3 23. Re2 Bb5 24. Ree1 a6 25. Rad1 Rad8 26. Rxd3 Rxd3 27. Be3 Bc6 28. Bc1 Bd8 29. Kg1 b5 30. Kf2 b4 31. c4 a5 32. Ke2 Bxe4 33. Nd2 Bg6 34. Nf3 Rd7 35. Be3 Be7 36. g4 Bd3+ 37. Kf2 Bxc4 38. Rc1 Bd5 39. Bxc5 Bxc5+ 40. Rxc5 Bxf3 41. Kxf3 Rd3+ 42. Ke4 Rxh3 43. Rxa5 Rh2 44. Rb5 Rxb2 45. Rb7 h6 46. Re7 Rb1 47. Kd3 Rg1 48. g5 hxg5 49. fxg5 Rxg5 50. Rxe6 Rg3+ 51. Kc4 b3 52. Rb6 Kh7 53. Kd4 Kh6 54. Ke4 Kg5 55. Rb5+ Kg4 56. Rb7 g6 57. Rb5 f5+ 58. Ke5 Kg5 59. Rb4 Re3+ 60. Kd4 Re4+ 61. Kc3 Rxb4 0-1

[Event "Asia-ch Universities (Women)"]
[Site "Tagaytay City"]
[Date "2018.05.29"]
[Round "5"]
[White "Liu, Manli"]
[Black "Azman Hisham, Nur Nabila"]
[Result "1-0"]
[WhiteElo "2183"]
[BlackElo "1940"]
[PlyCount "99"]
[EventDate "2018.05.27"]
[EventType "swiss"]
[EventRounds "9"]
[EventCountry "PHI"]
[SourceTitle "CBM 184 Extra"]
[Source "ChessBase"]
[SourceDate "2018.06.28"]
[SourceVersion "1"]
[SourceVersionDate "2018.06.28"]
[SourceQuality "1"]

1. e4 c5 2. Nf3 e6 3. d4 cxd4 4. Nxd4 a6 5. Bd3 Qc7 6. 0-0 Nf6 7. Qe2 d6 8. c4 Nc6 9. Nxc6 bxc6 10. Nc3 Be7 11. f4 0-0 12. e5 Nd7 13. exd6 Bxd6 14. Ne4 Be7 15. b3 f5 16. Ng5 Nc5 17. Bc2 Bf6 18. Rb1 e5 19. Ba3 Qa5 20. Bb2 Qb6 21. Qf2 e4 22. Ba3 Be7 23. b4 Nd7 24. c5 Qa7 25. Bb3+ Kh8 26. Nf7+ Rxf7 27. Bxf7 a5 28. Rfd1 axb4 29. Bxb4 Ba6 30. Be6 Nf6 31. Rb3 Nd5 32. Bxd5 Rd8 33. Ra3 cxd5 34. c6 Qxf2+ 35. Kxf2 Bxb4 36. Rxa6 h6 37. c7 Rc8 38. Rc6 Ba5 39. Rxd5 Rxc7 40. Rxc7 Bxc7 41. Rxf5 Bb6+ 42. Ke2 Kg8 43. Re5 Bg1 44. h3 Kf7 45. Rxe4 Kf6 46. a4 Bb6 47. Rb4 Bc7 48. Kf3 g5 49. fxg5+ hxg5 50. Rb5 1-0

[Event "Eastern Asia-ch U20 Girls"]
[Site "Tagaytay CIty"]
[Date "2017.05.31"]
[Round "5.2"]
[White "Azman Hisham, Nur Najiha"]
[Black "Azman Hisham, Nur Nabila"]
[Result "1/2-1/2"]
[WhiteElo "2025"]
[BlackElo "2033"]
[PlyCount "76"]
[EventDate "2017.05.27"]
[EventType "swiss"]
[EventRounds "9"]
[EventCountry "PHI"]
[SourceTitle "EXT 2024"]
[Source "ChessBase"]
[SourceDate "2023.10.10"]
[SourceVersion "1"]
[SourceVersionDate "2023.10.10"]
[SourceQuality "1"]

1. Nf3 Nf6 2. d4 c5 3. e3 e6 4. Bd3 cxd4 5. exd4 Be7 6. 0-0 d5 7. c3 0-0 8. Bg5 b6 9. Qe2 Bb7 10. Ne5 Nbd7 11. Nxd7 Nxd7 12. Bxe7 Qxe7 13. Ba6 Nf6 14. Bxb7 Qxb7 15. Nd2 Ne4 16. Nxe4 dxe4 17. f3 exf3 18. Qxf3 Qxf3 19. Rxf3 Rfd8 20. Kf2 e5 21. Rd1 exd4 22. Rfd3 Kf8 23. Rxd4 Rxd4 24. Rxd4 Re8 25. Rd7 Re7 26. Rxe7 Kxe7 27. Ke3 Kd6 28. Kd4 f5 29. a4 a6 30. b4 g5 31. g3 b5 32. axb5 axb5 33. c4 bxc4 34. Kxc4 Kc6 35. Kd4 Kb5 36. Ke5 f4 37. gxf4 gxf4 38. Kxf4 Kxb4 1/2-1/2

[Event "Kuala Lumpur UM KPT op"]
[Site "Kuala Lumpur"]
[Date "2016.12.17"]
[Round "6"]
[White "Azman Hisham, Mohd Nabil"]
[Black "Azman Hisham, Nur Nabila"]
[Result "1/2-1/2"]
[WhiteElo "1968"]
[BlackElo "2027"]
[PlyCount "44"]
[EventDate "2016.12.16"]
[EventType "swiss"]
[EventRounds "9"]
[EventCountry "MAS"]
[SourceTitle "CBM 176 Extra"]
[Source "ChessBase"]
[SourceDate "2017.03.02"]
[SourceVersion "1"]
[SourceVersionDate "2017.03.02"]
[SourceQuality "1"]

1. d4 c5 2. c3 Nf6 3. Nf3 cxd4 4. cxd4 g6 5. Nc3 Bg7 6. Bf4 d6 7. e3 0-0 8. Be2 b6 9. 0-0 Bb7 10. Rc1 Nbd7 11. Qc2 Qc7 12. Nb5 Qxc2 13. Rxc2 Rfc8 14. Rfc1 Rxc2 15. Rxc2 Ne4 16. Bg3 Rc8 17. Rxc8+ Bxc8 18. Nc3 Nxc3 19. bxc3 e5 20. dxe5 Nxe5 21. Nxe5 Bxe5 22. Bxe5 dxe5 1/2-1/2

[Event "Kuala Lumpur UM KPT op"]
[Site "Kuala Lumpur"]
[Date "2016.12.16"]
[Round "3"]
[White "Azman Hisham, Nur Nabila"]
[Black "Law, Tze Hong"]
[Result "1-0"]
[WhiteElo "2027"]
[BlackElo "1699"]
[PlyCount "71"]
[EventDate "2016.12.16"]
[EventType "swiss"]
[EventRounds "9"]
[EventCountry "MAS"]
[SourceTitle "CBM 176 Extra"]
[Source "ChessBase"]
[SourceDate "2017.03.02"]
[SourceVersion "1"]
[SourceVersionDate "2017.03.02"]
[SourceQuality "1"]

1. d4 Nf6 2. c4 g6 3. Nc3 Bg7 4. e4 d6 5. f4 0-0 6. Nf3 c5 7. d5 e6 8. Be2 exd5 9. cxd5 Re8 10. Nd2 Nxe4 11. Ndxe4 b5 12. Qc2 Bf5 13. 0-0 Bxc3 14. Qxc3 b4 15. Qg3 Bxe4 16. Bb5 Nd7 17. Bc6 Rc8 18. f5 Re5 19. fxg6 fxg6 20. Bf4 Rf5 21. Bxd6 Rg5 22. Qh3 Rxg2+ 23. Qxg2 Bxg2 24. Kxg2 Ne5 25. Bxe5 Rxc6 26. dxc6 Qd5+ 27. Kg1 Qxe5 28. Rad1 Qc7 29. Rf6 c4 30. Rd7 Qc8 31. Rdf7 Qg4+ 32. Kf2 c3 33. bxc3 bxc3 34. Rf8+ Kg7 35. R6f7+ Kh6 36. Rh8 1-0

[Event "Olympiad Women-42"]
[Site "Baku"]
[Date "2016.09.11"]
[Round "9.2"]
[White "Chang, Suzana"]
[Black "Azman Hisham, Nur Nabila"]
[Result "0-1"]
[WhiteElo "2093"]
[BlackElo "1994"]
[PlyCount "78"]
[EventDate "2016.09.02"]
[EventType "team-swiss"]
[EventRounds "11"]
[EventCountry "AZE"]
[SourceTitle "CBM 174 Extra"]
[Source "ChessBase"]
[SourceDate "2016.10.10"]
[SourceVersion "1"]
[SourceVersionDate "2016.10.10"]
[SourceQuality "1"]
[WhiteTeam "Brazil (W)"]
[BlackTeam "Malaysia (W)"]
[WhiteTeamCountry "BRA"]
[BlackTeamCountry "MAS"]

1. e4 c5 2. Nf3 e6 3. d3 d6 4. g3 Qc7 5. Bg2 g6 6. d4 Bg7 7. dxc5 Qxc5 8. 0-0 Ne7 9. c3 0-0 10. Be3 Qc7 11. Na3 a6 12. Qb3 Nd7 13. Rfd1 Nc5 14. Qc2 b5 15. b4 Na4 16. Rac1 Bb7 17. Nd4 e5 18. Nb3 f5 19. c4 Bxe4 20. Bxe4 fxe4 21. Qd2 Nf5 22. cxb5 Qf7 23. Nc4 Rad8 24. Qd5 axb5 25. Nca5 Nxe3 26. fxe3 Bh6 27. Rc7 Qxd5 28. Rxd5 Bxe3+ 29. Kg2 Rf2+ 30. Kh3 Bb6 31. Rc1 Rd7 32. Re1 Nc3 33. Rd2 Rxd2 34. Nxd2 e3 35. Nf3 e4 36. Ng1 d5 37. Nc6 d4 38. Ne5 Rd5 39. Ng4 Kg7 0-1

[Event "Olympiad Women-42"]
[Site "Baku"]
[Date "2016.09.09"]
[Round "7.3"]
[White "Schnegg, Anna Lena"]
[Black "Azman Hisham, Nur Nabila"]
[Result "1-0"]
[WhiteElo "2133"]
[BlackElo "1994"]
[PlyCount "78"]
[EventDate "2016.09.02"]
[EventType "team-swiss"]
[EventRounds "11"]
[EventCountry "AZE"]
[SourceTitle "CBM 174 Extra"]
[Source "ChessBase"]
[SourceDate "2016.10.10"]
[SourceVersion "1"]
[SourceVersionDate "2016.10.10"]
[SourceQuality "1"]
[WhiteTeam "Austria (W)"]
[BlackTeam "Malaysia (W)"]
[WhiteTeamCountry "AUT"]
[BlackTeamCountry "MAS"]

1. e4 c5 2. Nf3 e6 3. d4 cxd4 4. Nxd4 a6 5. c4 Qc7 6. Nc3 Nf6 7. a3 Be7 8. Be3 d6 9. Rc1 Nbd7 10. Be2 b6 11. 0-0 Bb7 12. f3 0-0 13. Qd2 Nc5 14. Qc2 d5 15. cxd5 exd5 16. b4 Ncd7 17. Nxd5 Nxd5 18. Qxc7 Nxc7 19. Rxc7 Bc8 20. Rfc1 Bf6 21. f4 Bxd4 22. Bxd4 Nf6 23. Bf3 Be6 24. f5 Ba2 25. R7c2 Bb3 26. Rc3 Ba4 27. e5 Rad8 28. Bxb6 Nd5 29. Bxd8 Nxc3 30. Be7 Rc8 31. Bc5 Nb5 32. Bb7 Rc7 33. Be3 Rxc1+ 34. Bxc1 Nd4 35. Bxa6 Nxf5 36. b5 Nd4 37. b6 Kf8 38. Be3 Nc6 39. b7 Ke8 1-0

[Event "Kuala Lumpur Varsity-ch 20th"]
[Site "Kuala Lumpur"]
[Date "2016.01.22"]
[Round "3"]
[White "Azman Hisham, Nur Nabila"]
[Black "Amarasinghe, AACB"]
[Result "0-1"]
[WhiteElo "1961"]
[BlackElo "1845"]
[PlyCount "90"]
[EventDate "2016.01.21"]
[EventType "swiss"]
[EventRounds "9"]
[EventCountry "MAS"]
[SourceTitle "CBM 170 Extra"]
[Source "ChessBase"]
[SourceDate "2016.02.25"]
[SourceVersion "1"]
[SourceVersionDate "2016.02.25"]
[SourceQuality "1"]

1. d4 f5 2. c4 Nf6 3. Nc3 g6 4. g3 Bg7 5. Bg2 0-0 6. Nf3 d6 7. 0-0 c6 8. Qc2 Na6 9. a3 Nc7 10. b3 Kh8 11. e4 fxe4 12. Nxe4 Nxe4 13. Qxe4 Bf5 14. Qh4 Qd7 15. Bh6 e6 16. Ra2 Bxh6 17. Qxh6 Qg7 18. Qxg7+ Kxg7 19. Re1 Rae8 20. Re3 h6 21. h3 g5 22. Rae2 Rf6 23. Nd2 Ref8 24. g4 Bg6 25. Be4 d5 26. Bxg6 Kxg6 27. cxd5 exd5 28. a4 Rf4 29. Rd3 R8f6 30. Kg2 Ne6 31. Nf3 Rxg4+ 32. Kh2 Rgf4 33. Ne5+ Kg7 34. Ng4 Nxd4 35. Nxf6 Nxe2 36. Nh5+ Kg6 37. Nxf4+ Nxf4 38. Re3 d4 39. Re1 Kf5 40. Kg3 d3 41. f3 h5 42. b4 h4+ 43. Kh2 Nd5 44. Re4 d2 45. Rd4 Ne3 0-1

[Event "Dewan Astana Karnival op (Women)"]
[Site "Dewan Astana"]
[Date "2015.07.31"]
[Round "4"]
[White "Azman Hisham, Nur Nabila"]
[Black "Ong, Choon Yong"]
[Result "1-0"]
[WhiteElo "1893"]
[BlackElo "1618"]
[PlyCount "64"]
[EventDate "2015.07.29"]
[EventType "swiss"]
[EventRounds "7"]
[EventCountry "MAS"]
[SourceTitle "EXT 2017"]
[Source "ChessBase"]
[SourceDate "2016.10.25"]
[SourceVersion "1"]
[SourceVersionDate "2016.10.25"]
[SourceQuality "1"]

1. d4 d5 2. c4 e6 3. Nf3 Nf6 4. Bg5 Be7 5. Nc3 b6 6. cxd5 Nxd5 7. Bxe7 Qxe7 8. Nxd5 exd5 9. e3 0-0 10. Bd3 c5 11. dxc5 bxc5 12. 0-0 Bb7 13. Rc1 Nd7 14. Re1 Nf6 15. Qa4 c4 16. Bb1 Ne4 17. Bxe4 Qxe4 18. Red1 Qe6 19. Nd4 Qb6 20. Rd2 a5 21. Qb5 Ra6 22. Qxb6 Rxb6 23. b3 Ba6 24. h3 Rfb8 25. bxc4 Bxc4 26. e4 Rb2 27. Rxb2 Rxb2 28. exd5 Ba6 29. Rd1 Kf8 30. d6 Ke8 31. Nc6 Bc8 32. Re1+ Be6 1-0

[Event "Dewan Astana Karnival op (Women)"]
[Site "Dewan Astana"]
[Date "2015.07.29"]
[Round "1"]
[White "Cindy, Hoo Yik"]
[Black "Azman Hisham, Nur Nabila"]
[Result "0-1"]
[WhiteElo "1305"]
[BlackElo "1893"]
[PlyCount "48"]
[EventDate "2015.07.29"]
[EventType "swiss"]
[EventRounds "7"]
[EventCountry "MAS"]
[SourceTitle "EXT 2017"]
[Source "ChessBase"]
[SourceDate "2016.10.25"]
[SourceVersion "1"]
[SourceVersionDate "2016.10.25"]
[SourceQuality "1"]

1. e4 c5 2. Nf3 d6 3. Bc4 e6 4. d3 Nf6 5. 0-0 Be7 6. Nc3 0-0 7. Kh1 Nbd7 8. Ne1 a6 9. a4 b6 10. f3 Bb7 11. g4 d5 12. Ba2 dxe4 13. dxe4 Ne5 14. Qxd8 Raxd8 15. Bf4 Ng6 16. Bg5 h6 17. Be3 Rd7 18. Ng2 Rfd8 19. Ne2 Bc6 20. Bb3 Kh7 21. Nc3 Bb7 22. Rad1 Rxd1 23. Rxd1 Rxd1+ 24. Nxd1 Ne5 0-1

[Event "MAS-ch (Women)"]
[Site "Kuala Lumpur"]
[Date "2015.06.01"]
[Round "5"]
[White "Johari, Camilia"]
[Black "Azman Hisham, Nur Nabila"]
[Result "1/2-1/2"]
[WhiteElo "1924"]
[BlackElo "2035"]
[PlyCount "118"]
[EventDate "2015.05.30"]
[EventType "tourn"]
[EventRounds "9"]
[EventCountry "MAS"]
[SourceTitle "CBM 166 Extra"]
[Source "ChessBase"]
[SourceDate "2015.06.18"]
[SourceVersion "1"]
[SourceVersionDate "2015.06.18"]
[SourceQuality "1"]

1. d4 c5 2. c3 cxd4 3. cxd4 Nf6 4. Nc3 d5 5. Nf3 g6 6. Bf4 a6 7. Rc1 Nc6 8. h3 Bg7 9. e3 0-0 10. Bd3 Re8 11. 0-0 Nh5 12. Bh2 e5 13. dxe5 Nxe5 14. Be2 Nxf3+ 15. Bxf3 d4 16. exd4 Nf6 17. Qd2 Ra7 18. Rfe1 Rxe1+ 19. Rxe1 b5 20. Be5 Re7 21. Rd1 Bb7 22. Bxb7 Rxb7 23. Qf4 Rd7 24. Ne4 Nh5 25. Qh2 f6 26. Bb8 f5 27. Nc5 Rxd4 28. Rxd4 Qxd4 29. Qd6 Qxd6 30. Bxd6 a5 31. b3 Nf6 32. Bc7 Bf8 33. Ne6 a4 34. bxa4 bxa4 35. Nxf8 Kxf8 36. Kf1 Kf7 37. Bd6 Ke6 38. Bf8 Kd5 39. Ke2 Kc4 40. Kd2 Ne4+ 41. Ke3 Nc3 42. a3 Nb1 43. Kf4 Kb3 44. Kg5 Nxa3 45. Kh6 Nc2 46. Kxh7 g5 47. Kg6 Nd4 48. Be7 a3 49. Bxa3 Kxa3 50. Kxg5 Kb4 51. g4 fxg4 52. hxg4 Kc5 53. f4 Kd6 54. Kf6 Kd7 55. Kf7 Ne6 56. f5 Ng5+ 57. Kg6 Nf3 58. f6 Ke6 59. g5 Nxg5 1/2-1/2

[Event "MAS-ch (Women)"]
[Site "Kuala Lumpur"]
[Date "2015.05.30"]
[Round "1"]
[White "Azman Hisham, Nur Najiha"]
[Black "Azman Hisham, Nur Nabila"]
[Result "1/2-1/2"]
[WhiteElo "1957"]
[BlackElo "2035"]
[PlyCount "68"]
[EventDate "2015.05.30"]
[EventType "tourn"]
[EventRounds "9"]
[EventCountry "MAS"]
[SourceTitle "CBM 166 Extra"]
[Source "ChessBase"]
[SourceDate "2015.06.18"]
[SourceVersion "1"]
[SourceVersionDate "2015.06.18"]
[SourceQuality "1"]

1. d4 Nf6 2. c4 g6 3. Nc3 Bg7 4. e4 d6 5. Nf3 0-0 6. Be2 c5 7. d5 b5 8. cxb5 a6 9. b6 Qxb6 10. 0-0 Nbd7 11. Nd2 a5 12. Nc4 Qb8 13. Qe1 Nb6 14. Nxb6 Qxb6 15. Rb1 Ba6 16. Bxa6 Rxa6 17. Bg5 Re8 18. Qe2 Nd7 19. Qb5 Qxb5 20. Nxb5 Rb6 21. a4 h6 22. Bd2 Ra8 23. Bc3 Rb7 24. Bxg7 Kxg7 25. Ra1 Rc8 26. Rfc1 Ne5 27. Rc3 Nd7 28. b3 Nb6 29. f3 c4 30. Na3 Rc5 31. Nxc4 Nxc4 32. bxc4 Rb4 33. Ra2 Rbxc4 34. Rxc4 Rxc4 1/2-1/2

[Event "Olympiad Women-41"]
[Site "Tromsoe"]
[Date "2014.08.06"]
[Round "5.2"]
[White "Dengler, Dijana"]
[Black "Azman Hisham, Nur Nabila"]
[Result "1-0"]
[WhiteElo "2070"]
[BlackElo "1916"]
[PlyCount "73"]
[EventDate "2014.08.02"]
[EventType "team-swiss"]
[EventRounds "11"]
[EventCountry "NOR"]
[SourceTitle "CBM 162"]
[Source "ChessBase"]
[SourceDate "2014.09.17"]
[SourceVersion "1"]
[SourceVersionDate "2014.09.17"]
[SourceQuality "1"]
[WhiteTeam "Bosnia&Hercegovina (W)"]
[BlackTeam "Malaysia (W)"]
[WhiteTeamCountry "BIH"]
[BlackTeamCountry "MAS"]

1. d4 Nf6 2. Nf3 g6 3. Bg5 Bg7 4. e3 c5 5. c3 0-0 6. Nbd2 cxd4 7. exd4 d6 8. Be2 h6 9. Be3 Nc6 10. 0-0 Bd7 11. h3 Rb8 12. a4 a6 13. c4 Qc7 14. d5 Nb4 15. a5 Bf5 16. Nd4 Ne4 17. Nxf5 gxf5 18. Qb3 Nc6 19. dxc6 bxc6 20. Qd3 Nc5 21. Qxf5 Rxb2 22. Bxc5 dxc5 23. Bd3 Rd8 24. Nf3 e6 25. Qe4 Rd6 26. Ra3 Qb8 27. Qf4 Qd8 28. Qe3 Rd7 29. Ne5 Rd6 30. Qg3 Rb4 31. Ng4 Kh8 32. Ne5 Kg8 33. Be4 Rd1 34. Rxd1 Qxd1+ 35. Kh2 Qd4 36. Re3 Ra4 37. Nxc6 1-0

[Event "Olympiad Women-41"]
[Site "Tromsoe"]
[Date "2014.08.03"]
[Round "2.2"]
[White "Azman Hisham, Nur Nabila"]
[Black "Namaganda, Christine"]
[Result "1-0"]
[WhiteElo "1916"]
[BlackElo "1536"]
[PlyCount "67"]
[EventDate "2014.08.02"]
[EventType "team-swiss"]
[EventRounds "11"]
[EventCountry "NOR"]
[SourceTitle "CBM 162"]
[Source "ChessBase"]
[SourceDate "2014.09.17"]
[SourceVersion "1"]
[SourceVersionDate "2014.09.17"]
[SourceQuality "1"]
[WhiteTeam "Malaysia (W)"]
[BlackTeam "Uganda (W)"]
[WhiteTeamCountry "MAS"]
[BlackTeamCountry "UGA"]

1. d4 Nf6 2. Nf3 g6 3. c4 Bg7 4. Nc3 0-0 5. e4 d6 6. Be2 c5 7. d5 Nbd7 8. 0-0 a6 9. a4 Ne8 10. Be3 f5 11. exf5 gxf5 12. Qd2 Ndf6 13. Bd3 Ng4 14. Bf4 Ne5 15. Be2 Ng6 16. Bg5 Nf6 17. Nh4 Qe8 18. Nxg6 Qxg6 19. Bf3 Ne4 20. Bxe4 fxe4 21. Bxe7 Bh3 22. Qg5 Qxg5 23. Bxg5 Bxc3 24. bxc3 Kf7 25. gxh3 Rg8 26. f4 h6 27. h4 hxg5 28. fxg5+ Kg6 29. Rab1 e3 30. Kg2 e2 31. Rf6+ Kh5 32. Kg3 Rg6 33. Rf7 Rh8 34. Re1 1-0

[Event "Kuala Lumpur op 10th"]
[Site "Kuala Lumpur"]
[Date "2013.08.10"]
[Round "1"]
[White "Azman Hisham, Nur Nabila"]
[Black "Segarra, Randy"]
[Result "0-1"]
[WhiteElo "1926"]
[BlackElo "2337"]
[PlyCount "100"]
[EventDate "2013.08.10"]
[EventType "swiss"]
[EventRounds "9"]
[EventCountry "MAS"]
[SourceTitle "CBM 156 Extra"]
[Source "ChessBase"]
[SourceDate "2013.10.22"]
[SourceVersion "1"]
[SourceVersionDate "2013.10.22"]
[SourceQuality "1"]

1. d4 Nf6 2. c4 g6 3. Nc3 Bg7 4. e4 d6 5. Nf3 0-0 6. Be2 Nc6 7. 0-0 Bg4 8. Be3 Nd7 9. d5 Bxf3 10. Bxf3 Nce5 11. Be2 Nb6 12. Qb3 Ned7 13. Na4 Nxa4 14. Qxa4 Nc5 15. Qc2 a5 16. f4 Na6 17. f5 c6 18. Qd2 Nc5 19. Bf3 Qb6 20. Rab1 Qb4 21. Qc2 cxd5 22. exd5 a4 23. Kh1 Rac8 24. b3 axb3 25. axb3 Nd7 26. Bd2 Qb6 27. Qe4 Ne5 28. Bf4 Ra8 29. h4 Ra3 30. Bd1 Bf6 31. Bxe5 Bxe5 32. fxg6 hxg6 33. h5 Qd4 34. Qxd4 Bxd4 35. hxg6 fxg6 36. Rxf8+ Kxf8 37. Kh2 Kg7 38. Kg3 Ra2 39. Bf3 Kf6 40. Kg4 Be5 41. Be4 Kg7 42. Kg5 Re2 43. Bf3 Re3 44. Kg4 Rd3 45. Be4 Rg3+ 46. Kh4 Kh6 47. Bxg6 Kxg6 48. b4 Rxg2 49. c5 Kf5 50. Rf1+ Bf4 0-1

[Event "Kuala Lumpur Masters (Women)"]
[Site "Kuala Lumpur"]
[Date "2013.06.24"]
[Round "4"]
[White "Nithyalakshmi, Sivanesan"]
[Black "Azman Hisham, Nur Nabila"]
[Result "0-1"]
[WhiteElo "1684"]
[BlackElo "1926"]
[PlyCount "92"]
[EventDate "2013.06.22"]
[EventType "tourn"]
[EventRounds "7"]
[EventCountry "MAS"]
[SourceTitle "CBM 155 Extra"]
[Source "ChessBase"]
[SourceDate "2013.08.26"]
[SourceVersion "1"]
[SourceVersionDate "2013.08.26"]
[SourceQuality "1"]

1. e4 c5 2. Nf3 d6 3. d4 cxd4 4. Nxd4 Nf6 5. Nc3 a6 6. Bg5 Nbd7 7. f4 h6 8. Bh4 Qb6 9. Qd2 Qxb2 10. Rb1 Qa3 11. f5 b5 12. Rb3 Qa5 13. Bxf6 Nxf6 14. Nc6 Qc7 15. Nb4 e6 16. Be2 Be7 17. 0-0 exf5 18. exf5 Bb7 19. Bf3 0-0 20. Kh1 Rac8 21. Bd5 Rfe8 22. Re1 Bf8 23. Bxb7 Qxb7 24. Rf1 Rc5 25. Nd3 Rc4 26. Rfb1 Qc8 27. Rf1 Ne4 28. Nxe4 Rcxe4 29. Rf2 Qxc2 30. h3 Qc7 31. Nb4 d5 32. Rf1 Qc4 33. Nd3 Re2 34. Qf4 Qc2 35. Rf2 Qxa2 36. Rc3 Qa1+ 37. Rc1 Qa3 38. Rxe2 Rxe2 39. Rd1 Bd6 40. Qf3 Re4 41. f6 Qc3 42. fxg7 Qxg7 43. Nf2 Rf4 44. Qe3 d4 45. Qe8+ Kh7 46. Qe2 Qg3 0-1